000 01260nam a2200277 a 4500
001 BRCA_2719
005 20190320203934.0
008 031208s1892----sp-a---###---#000-0#spa-u
041 _aspa
044 _asp
084 _a218
_bT48
_c1892
100 1 _aCervantes Saavedra, Miguel de
_d1547-1616
_9213
245 1 0 _aEl Ingenioso Hidalgo Don Quijote de la Mancha
_cpor Miguel de Cervantes Saavedra.
260 _aValencia
_bTerraza : Aliena
_c1892
300 _a2 v.
_bil.
_c18 cm.
500 _aContenido : v 1. Primera parte. Retrato de Cervantes. Texto. -- v 2. Segunda parte. Dedicatoria del autor. Prólogo del autor. Texto
500 _aEdición económica, pero muy bien imppresa, con tipos claros. Ilustrada en colores. Quítale el valor el hecho de haber suprimido los editore la dedicatoria, prólogo y versos preliminares. Piel; lomeras decoradas con filetes dorados Lúdovik Osterc
500 _aQM209
650 1 4 _aNovela española
_yÉpoca clásica, 1500-1700
_9215
650 1 4 _aLiteratura española
_yÉpoca clásica, 1500-1700
_9216
650 1 4 _aNovela española
_ySiglo XVII
_9217
650 1 4 _aDon Quijote (Personaje ficticio)
_eNovela
_9218
740 0 _aEl Ingenioso Hidalgo Don Quijote de la Mancha
902 _aQFM
942 _2lcc
_cB
999 _c2459
_d2459